[Event "GER-ch U25-B"]
[Site "Willingen"]
[Date "2023.05.28"]
[Round "2"]
[White "Sensoy, Emir"]
[Black "Link, Moritz"]
[Result "0-1"]
[WhiteElo "1418"]
[BlackElo "1589"]
[PlyCount "108"]
[EventDate "2023.05.27"]
[EventType "swiss"]
[EventRounds "9"]
[EventCountry "GER"]
[SourceTitle "CBM 214 Extra"]
[Source "ChessBase"]
[SourceDate "2023.07.31"]
[SourceVersion "1"]
[SourceVersionDate "2023.07.31"]
[SourceQuality "1"]

1. c4 Nf6 2. g3 e6 3. Bg2 d5 4. cxd5 exd5 5. e3 Bd6 6. Ne2 0-0 7. Nbc3 c6 8. 0-0 Nbd7 9. b3 b6 10. Bb2 Ba6 11. d3 Nc5 12. d4 Nd3 13. Qd2 Rc8 14. Bh3 Rc7 15. Bf5 Nxb2 16. Qxb2 Bc8 17. Bxc8 Qxc8 18. Rac1 Qh3 19. Nf4 Qh6 20. f3 Re8 21. Qf2 Rce7 22. Rfe1 Bb4 23. Re2 g5 24. Nd3 Bd6 25. g4 Re6 26. Qg2 Rxe3 27. Ne5 Bxe5 28. dxe5 R8xe5 29. Rce1 d4 30. Ne4 Rxe2 31. Qxe2 Nxe4 32. fxe4 Qe6 33. h3 c5 34. Qd3 Qd7 35. Rf1 Qc6 36. Qf3 Qe6 37. Qd3 Rxe4 38. Rf5 Re1+ 39. Kf2 Qe3+ 40. Qxe3 Rxe3 41. Rxg5+ Kf8 42. h4 Re6 43. Rd5 Ke7 44. b4 Rc6 45. Re5+ Kf8 46. b5 Rd6 47. Rh5 d3 48. Ke1 c4 49. Rxh7 Kg8 50. Rh5 d2+ 51. Kd1 c3 52. Rg5+ Kf8 53. a3 c2+ 54. Kxc2 d1Q+ 0-1

[Event "GER-chT U14"]
[Site "Willingen"]
[Date "2021.06.26"]
[Round "5.8"]
[White "Dordevic, Tom"]
[Black "Link, Moritz"]
[Result "1-0"]
[WhiteElo "1556"]
[BlackElo "1540"]
[PlyCount "87"]
[EventDate "2021.06.23"]
[EventType "team-swiss"]
[EventRounds "7"]
[EventCountry "GER"]
[SourceTitle "EXT 2022"]
[Source "ChessBase"]
[SourceDate "2021.10.06"]
[SourceVersion "1"]
[SourceVersionDate "2021.10.06"]
[SourceQuality "1"]
[WhiteTeam "Duesseldorf SV"]
[BlackTeam "Schott Jena"]
[WhiteTeamCountry "GER"]
[BlackTeamCountry "GER"]

1. Nf3 Nf6 2. g3 e6 3. Bg2 d5 4. 0-0 c5 5. c4 Nc6 6. cxd5 Nxd5 7. Nc3 Be7 8. d3 0-0 9. Bd2 a6 10. Rc1 b5 11. a4 Qb6 12. Qb3 Nxc3 13. Bxc3 b4 14. Bd2 Bb7 15. Be3 Na5 16. Qc2 Rac8 17. d4 c4 18. d5 Qc7 19. Bf4 Qd7 20. d6 Bf6 21. e4 Nb3 22. Rcd1 g6 23. Bh6 Rfd8 24. e5 Bg7 25. Bg5 Rf8 26. Bf6 Rc5 27. h4 Rfc8 28. Ng5 Bxf6 29. exf6 Bd5 30. Rfe1 Qxd6 31. h5 Qf8 32. hxg6 hxg6 33. Bxd5 Rxd5 34. Nxe6 Qd6 35. Rxd5 Qxd5 36. Nf4 Nd4 37. Nxd5 Nxc2 38. Ne7+ Kf8 39. Rc1 Rc5 40. Rxc2 c3 41. bxc3 Rxc3 42. Rd2 Ke8 43. Kf1 Ra3 44. Nc6 1-0